Seminárne školenie vynálezcov a zlepšovateľov rezortu školstva SSR Zborník. Hotel Partizán, Tále 3. - 4. 5. 1988

Saved in:
Bibliographic Details
Format: Book
Language:Slovak
Published: Banská Bystrica Dom techn. ČSVTS 1988
Edition:1. vyd.
Tags: Add Tag
No Tags, Be the first to tag this record!

MARC

LEADER 00000nam a2200000 4500
001 c028349
005 20250219102230.4
041 0 |a slo 
044 |a SK 
245 1 0 |a Seminárne školenie vynálezcov a zlepšovateľov rezortu školstva SSR  |b Zborník. Hotel Partizán, Tále 3. - 4. 5. 1988 
250 |a 1. vyd. 
264 1 |a Banská Bystrica  |b Dom techn. ČSVTS  |c 1988 
300 |a 117 s.